Muestreo (Registro nro. 1306)

Detalles MARC
000 -LEADER
fixed length control field 01199 a2200205 4500
001 - CONTROL NUMBER
control field 25195
005 - DATE AND TIME OF LATEST TRANSACTION
control field 20260407155535.0
008 - FIXED-LENGTH DATA ELEMENTS--GENERAL INFORMATION
fixed length control field 260407a1974 arg spa d
003 - CONTROL NUMBER IDENTIFIER
control field AR-UNSa-BCEJYS
040 ## - CATALOGING SOURCE
Original cataloging agency AR-UNSa-BCEJYS
Language of cataloging spa
Transcribing agency AR-UNSa-BCEJYS
080 ## - UNIVERSAL DECIMAL CLASSIFICATION NUMBER
Universal Decimal Classification number 519.24
Common auxiliary subdivision Aplicaciones y modelos estadísticos especiales (Muestreo...)
100 1# - MAIN ENTRY--PERSONAL NAME
Personal name Slonim, Morris James
245 10 - TITLE STATEMENT
Title Muestreo
Name of part/section of a work guía ágil y precisa de estadística práctica
264 #1 - PRODUCTION, PUBLICATION, DISTRIBUTION, MANUFACTURE, AND COPYRIGHT NOTICE
Place of production, publication, distribution, manufacture Buenos Aires :
Name of producer, publisher, distributor, manufacturer Americana
Date of production, publication, distribution, manufacture, or copyright notice 1974
300 ## - PHYSICAL DESCRIPTION
Extent 188 p.
Dimensions 20 cm.
505 ## - FORMATTED CONTENTS NOTE
Formatted contents note 1. Introducción – 2. Pasos en un muestreo – 3. Errores de muestreo – 4. Algunas aplicaciones de muestreo – 5. Muestreo de datos contables – 6. Encuestas, pronosticadores y ratings de programas – 7. Muestra aleatoria simple – 8. Muestra estratificada – 9. Muestra por conglomerados – 10. Muestra sistemática – 11. Submuestras interpenetrantes replicadas – 12. Otros métodos de muestreo – 13. Procedimientos de estimación – 14. Magnitud de las muestras – 15. Control de calidad – 16. Muestreo de aceptación – 17. Algunos casos de muestreo.
590 ## - LOCAL NOTE (RLIN)
Local note niveau_biblio:m niveau_hierar:0
700 1# - ADDED ENTRY--PERSONAL NAME
Personal name Marino, Mario A.
942 ## - ADDED ENTRY ELEMENTS (KOHA)
Koha item type
Existencias
Withdrawn status Lost status Damaged status Not for loan Home library Current library Shelving location Date acquired Total checkouts Full call number Barcode Date last seen Price effective from Koha item type
        Biblioteca Prof. Eusebio Cleto del Rey Biblioteca Prof. Eusebio Cleto del Rey   07/04/2026   519.24 S634 L25279 07/04/2026 07/04/2026 Libro